00913cam a22002531 450000100060000000300080000600500170001400800390003103500190007003500180008904000320010704100080013908200180014710000290016524500990019426000370029330000400033050400410037065000300041165100520044194200120049399900170050595201370052226816BD-RjUL20211209051054.0140223t1961 xx 001 0 eng a(BD-RjUL)26887 a(OCoLC)351755 aDLCcOTUdDLCdBD-RjULbeng aeng04a950bSYS 19611 aSyatauw, J. J. G.98242610aSome newly established Asian states and the development of international law /cJ.J.G. Syatauw aThe Hague :bM. Nijhoff,cc1961. axi, 249 p. :bill., maps. ;c24 cm. aBibliographical reference and index, 0aInternational law.982427 0aSoutheast AsiaxPolitics and government.982428 2ddccBK c26816d26816 00102ddc40728NFICaRUCLbRUCLcReadingd1965-12-10ezeithingerg38.00l0o950 SYS 1961r2014-03-23 00:00:00tC-1w2014-03-23yBK